00781nam a2200217 a 450000100100000000500170001000800410002702000150006804000250008310000170010824500690012526000270019430000260022149000340024750400730028150000320035450000490038650500280043571000660046383000340052900004125920201002034731.0130927s1982 sp 000 0 spa d a8400051564 aDO-SdBNPbspacBNPHU1 aArranz, Luis10aDon Diego Colón, almirante, virrey y gobernador de las Indias. aMadrid :bCSIC,c1982. av. (392) p. ;c25 cm.1 aTierra nueva e cielo nuevov5 aIncluye referencias bibliográficas y notas al pie de las páginas aLa biblioteca posee el v. 1 aMedio milenio del decubrimiento de América av. 1tDon Diego Colón2 aConsejo Superior de Investigaciones Científicas, (España) 0aTierra nueva e cielo nuevov5